Statistics for Famous Aunts & Uncles

Click here to take the quiz!

General Stats

  • This quiz has been taken 254 times
  • The average score is 8 of 20

Answer Stats

Clue Answer % Correct
He Wants YOU For U.S. ArmyUncle Sam
82%
Instant Rice BrandUncle Ben
74%
Pancake Syrup BrandAunt Jemima
70%
Harriet Beecher Stowe's ProtagonistUncle Tom
67%
John Candy CharacterUncle Buck
64%
Dorothy Gale's AuntAunt Em
63%
Addam's Family UncleUncle Fester
55%
Donald Duck's Rich UncleUncle Scrooge
52%
Aunt on the Andy Griffith ShowAunt Bee
50%
Shopping Mall Pretzel ShopAuntie Anne's
36%
Fresh Prince MatriarchAunt Vivian
33%
Roseanne's SisterAunt Jackie
32%
Song of the SouthUncle Remus
29%
"Drift Away" SingerUncle Kracker
25%
Harry Potter's GuardianAunt Petunia
20%
Tom Sawyer's GuardianAunt Polly
18%
Patrick Dennis NovelAuntie Mame
12%
Mr. MonopolyRich Uncle Pennybags
8%
Slang term for a CurveballUncle Charlie
7%
Bertie Wooster's Least Favourite AuntAunt Agatha
5%

Score Distribution

Percentile by Number Answered

Percent of People with Each Score

Your Score History

You have not taken this quiz